000 00300nam a22001097a 4500
008 170110b xxu||||| |||| 00| 0 eng d
020 _a9780131889330
041 _aeng
080 _28TH
_a618.2
245 _aCLINICAL HANBOOK FOR FUNDAMENTALS OF NURSING
_cBERMAN & SNYDER & KOZIER & ERB
942 _2udc
_cBK
999 _c2641
_d2641